|
|
|
|
| LEADER |
00000nab a2200000 4500 |
| 001 |
vtls012156645 |
| 003 |
SK-MaSNL |
| 005 |
20260304180005.0 |
| 008 |
221212|2018 xo |||| ||an ||00 0|slo |
| 015 |
|
|
|a SNBRB2022/12
|
| 040 |
|
|
|a SPKCL
|b slo
|e rda
|
| 041 |
|
|
|a slo
|b slo
|
| 044 |
|
|
|a xo
|c SK
|
| 072 |
|
7 |
|a 618
|x Gynekológia. Pôrodníctvo
|2 konspekt
|
| 080 |
|
|
|a 618.39
|2 2011
|
| 100 |
1 |
|
|a Maskálová, Erika,
|d 1976-
|4 aut
|9 197399
|
| 245 |
1 |
0 |
|a Starostlivosť o ženu pri včasnom spontánnom potrate
|c Erika Maskálová, Eva Urbanová
|
| 300 |
|
|
|b Fotografie, tabuľky
|
| 336 |
|
|
|a text
|b txt
|2 rdacontent
|
| 337 |
|
|
|a bez média
|b n
|2 rdamedia
|
| 338 |
|
|
|a zväzok
|b nc
|2 rdacarrier
|
| 504 |
|
|
|a Obsahuje bibliografiu
|
| 546 |
|
|
|a Slovenské resumé
|
| 650 |
0 |
7 |
|a ošetrovateľská starostlivosť
|2 SNKPH
|9 63308
|
| 650 |
0 |
7 |
|a potrat
|2 SNKPH
|9 19103
|
| 700 |
1 |
|
|a Urbanová, Eva,
|d 1965-
|4 aut
|9 197401
|
| 773 |
0 |
|
|t Sestra
|g Roč. XVII, č. 3-4 (2018)
|x 1335-9444
|
| 773 |
0 |
8 |
|t Odborná príloha 165 Ošetrovateľská starostlivosť v gynekológii, pôrodníctve a pediatrii
|g Roč. XVII (2018), s. 22-24
|
| 958 |
|
|
|a NB
|
| 999 |
|
|
|c 3015985
|d 3017915
|